Statistics for Richest People by Net worth

Click here to take the quiz!

General Stats

  • This quiz has been taken 23 times
  • The average score is 3 of 15

Answer Stats

Net Worth($)Answer% Correct
89.2BBill Gates
100%
77.2BWarren Buffet
68%
81.9BJeff Bezos
36%
60.8BCarlos Slim
23%
51.3BLarry Ellison
14%
70BVladmir Putin
9%
51.8BBernard Arnault
9%
48.8BMichael Bloomberg
9%
45.9BSergey Brin
9%
42.8BLarry Page
9%
80.5BAmancio Ortega
5%
47.9BCharles Koch
5%
63.5BMark Zuckeberg
0%
47.9BDavid Koch
0%
43.7BIngvar Kamprad
0%

Score Distribution

Percentile by Number Answered

Percent of People with Each Score

Your Score History

You have not taken this quiz